| 000 | 00892nam a22002417a 4500 | ||
|---|---|---|---|
| 001 | 49404 | ||
| 003 | BD-RjUL | ||
| 005 | 20211209054657.0 | ||
| 008 | 160820s1969 bg ||||| |||| 00| 0 ben d | ||
| 020 | _c: TK 4.00 | ||
| 035 | _a(BD-RjUL)49523 | ||
| 040 |
_aBD-RjUL _bben _cBD-RjUL |
||
| 041 | _aben | ||
| 082 |
_223 _a813 _bHAS 1969 |
||
| 100 |
_aহর্থন, ন্যাথানিয়েল _9148305 |
||
| 245 | 1 | 0 |
_aসপ্তচূড়া অট্রালিকা : _cন্যাথানিয়েল হর্থন |
| 260 |
_aঢাকা : _bকিশলয়, _c১৯৬৯ |
||
| 300 |
_a৩৬৩ পৃ. ; _c১৮ সেমি. |
||
| 650 |
_aআমেরিকান উপন্যাস _9148306 |
||
| 650 |
_aAmerican Fiction _9148307 |
||
| 700 |
_aরহমান, হোসনে আরা, অনুবাদ _9148308 |
||
| 942 |
_2ddc _cBK |
||
| 999 |
_c49404 _d49404 |
||